| 000 | 00622nam a22001817a 4500 | ||
|---|---|---|---|
| 005 | 20230203011948.0 | ||
| 008 | 230203b |||||||| |||| 00| 0 eng d | ||
| 082 | _aFil. 306.85 G958 2014 | ||
| 100 |
_aGuillermo, Clem E. _eauthor |
||
| 245 |
_aFamily life 101: _brelasyong mister at misis, usapang daddy at mommy / _cClem E. Guillermo, Bessie A. Rios |
||
| 260 |
_aMakati City: _bChurch Strenghtening Ministry, _cc2014. |
||
| 300 |
_a218p.; _bill. |
||
| 504 | _aIncludes bibliographical references | ||
| 541 | _e4689 c.1, 4690 c.2 | ||
| 650 | _aFamily life | ||
| 650 | _aParenthood | ||
| 700 |
_aRios, Bessie A. _eauthor |
||
| 999 |
_c881 _d881 |
||